What am I? - Statistics

General Stats
  • This quiz has been taken 96 times
    62 since last reset
  • The average score is 12 of 16
Answer Stats
Picture Answer % Correct
Fire
95%
Rose
95%
Bread
93%
Bricks
93%
Clouds
91%
Beef
86%
Apple
84%
Diamond
82%
Honeycomb
77%
Pinecone
75%
Leather
73%
Wool
68%
Wood
64%
Concrete
61%
Carpet
55%
Corrugated iron
30%
No matching quizzes found
Score Distribution
Percent of People with Each Score
Percentile by Number Answered
Your Score History
You have not taken this quiz since the last reset